PEACE POWER AND PLENTY (Record no. 5396)
[ view plain ]
| 000 -LEADER | |
|---|---|
| fixed length control field | 00256nam a22001097a 4500 |
| 082 ## - DEWEY DECIMAL CLASSIFICATION NUMBER | |
| Classification number | 150 |
| Item number | MAR/P |
| 100 ## - MAIN ENTRY--AUTHOR NAME | |
| Personal name | MARDEN,ORISON SWETT |
| 245 ## - TITLE STATEMENT | |
| Title | PEACE POWER AND PLENTY |
| 260 ## - PUBLICATION, DISTRIBUTION, ETC. (IMPRINT) | |
| Place of publication | INDIA |
| Name of publisher | ARORA'S BOOK WORLD |
| 650 ## - SUBJECT ADDED ENTRY--TOPICAL TERM | |
| Topical Term | PERSONALITY DEVELOPMENT |
| 942 ## - ADDED ENTRY ELEMENTS (KOHA) | |
| Koha item type | Books |
| Withdrawn status | Lost status | Collection code | Home library | Current library | Shelving location | Date acquired | Source of acquisition | Full call number | Accession Number | Koha item type |
|---|---|---|---|---|---|---|---|---|---|---|
| Reference | Main Library | Main Library | SHELF-17H-PERSONALITY DEVELOPMENT BOOKS | 31/01/2019 | PURCHASE | 150 MAR/P | 10897 | Books |